Bytový dom

Enregistré dans:
Détails bibliographiques
Auteur principal: Medviď, Michal (Auteur)
Autres auteurs: Hollý, Ján (Directeur de thèse)
Format: Manuscrit Livre
Langue:slovaque
Publié: 2018
Sujets:
Accès en ligne:http://is.stuba.sk/zp/portal_zp.pl?podrobnosti=146146
https://opac.crzp.sk/?fn=detailBiblioForm&sid=D8F77B52B2130B9EFC4D11C07BB0
Tags: Ajouter un tag
Pas de tags, Soyez le premier à ajouter un tag!

MARC

LEADER 00000ntm a22000003a 4500
001 stuzp68510
003 SK-STU
005 20230519125048.6
007 ta
008 150427s2015----xo-----f-mn---000-0-slo-d
040 |a STU  |b slo 
041 0 |a slo 
100 1 |a Medviď, Michal  |u 010180  |4 aut  |U SvF Stavebná fakulta  |T SvF Katedra konštrukcií pozemných stavieb  |X 76096  |U V180  |Y 18  |7 76096 
242 0 1 |a Apartment building  |y eng 
245 1 0 |a Bytový dom 
260 |c 2018 
650 4 |a bytový dom  |2 slo 
650 4 |a projekt na realizáciu stavby  |2 slo 
650 4 |a výkresová dokumentácia  |2 slo 
650 4 |a residential house  |2 eng 
650 4 |a construction project  |2 eng 
650 4 |a thermal and technical characteristics  |2 eng 
700 1 |a Hollý, Ján  |u 010180  |k Z3  |4 ths  |U SvF Stavebná fakulta  |T SvF Katedra konštrukcií pozemných stavieb  |X 67045  |U V180  |Y 18  |7 A000067045 
856 4 |u http://is.stuba.sk/zp/portal_zp.pl?podrobnosti=146146 
856 4 |u https://opac.crzp.sk/?fn=detailBiblioForm&sid=D8F77B52B2130B9EFC4D11C07BB0